Library Logo

in wig and gown : (Record no. 153117)

000 -LEADER
fixed length control field 00555nam a22001817a 4500
003 - CONTROL NUMBER IDENTIFIER
control field BD-DhUL
005 - DATE AND TIME OF LATEST TRANSACTION
control field 20170122191806.0
008 - FIXED-LENGTH DATA ELEMENTS--GENERAL INFORMATION
fixed length control field 170122s1910 n a|||| |||| 000 0 eng d
040 ## - CATALOGING SOURCE
Original cataloging agency BD-DhUL
Transcribing agency BD-DhUL
082 ## - DEWEY DECIMAL CLASSIFICATION NUMBER
Classification number 827
Item number PUI
100 1# - MAIN ENTRY--PERSONAL NAME
Personal name Punch's, Mr.
245 10 - TITLE STATEMENT
Title in wig and gown :
Remainder of title the lighter side of bench and bar : with 120 illustrations /
Statement of responsibility, etc. Mr. Punch's
260 ## - PUBLICATION, DISTRIBUTION, ETC. (IMPRINT)
Place of publication, distribution, etc. New York :
Name of publisher, distributor, etc. The Educational Book,
Date of publication, distribution, etc. 1910.
300 ## - PHYSICAL DESCRIPTION
Extent 192p. :
Other physical details ill. ;
Dimensions 19 cm.
650 #0 - SUBJECT ADDED ENTRY--TOPICAL TERM
Topical term or geographic name as entry element English wit and humor.
700 1# - ADDED ENTRY--PERSONAL NAME
Personal name Marks, Henry Stacy
942 ## - ADDED ENTRY ELEMENTS (KOHA)
Source of classification or shelving scheme
Koha item type Books
Holdings
Price effective from Date last seen Permanent Location Not for loan Date acquired Source of classification or shelving scheme Koha item type Lost status Withdrawn status Copy number Source of acquisition Collection code Damaged status Shelving location Barcode Current Location Full call number
2017-01-222017-01-22Dhaka University Library 1952-07-19 Books  1PurchasedNon Fiction General Stacks59122Dhaka University Library827 PUI
Last Updated on September 15, 2019
© Dhaka University Library. All Rights Reserved|Staff Login